000 00696nam a2200229Ia 4500
003 GCL
008 140319s9999 xx 000 0 ara d
040 _aGCL /
_cGCL
082 0 4 _a811.1
_bل د
100 1 _aلبيد بن ربيعة العامرى
245 1 0 _aديوان لبيد بن ربيفة العامرى /
_cلبيد بن ربيعة العامرى
260 _a[S.N] :
_bدار صادر
300 _a247 ص
490 _a
650 0 4 _aالشعر العربى
650 0 4 _aالادب العربى
650 0 4 _aالعصر الجاهلى
650 0 4 _aدواوين وقصائد
650 0 4 _aالشعر العاطفى
650 0 4 _aتاريخ ونقد
942 _2ddc
_cBK
999 _c31331
_d31331